|
|
|
|
| LEADER |
02732nam a2200553 i 4500 |
| 001 |
nkc20243631709 |
| 003 |
CZ PrNK |
| 005 |
20250204125125.0 |
| 007 |
ta |
| 008 |
240912s2024 xr a d 000 j cze |
| 015 |
|
|
|a cnb003631709
|
| 020 |
|
|
|a 978-80-88501-49-7
|q (brožováno)
|
| 035 |
|
|
|a (OCoLC)1505966232
|
| 040 |
|
|
|a ABG001
|b cze
|e rda
|
| 041 |
1 |
|
|a cze
|h eng
|
| 072 |
|
7 |
|a 821.111-3
|x Anglická próza, anglicky psaná
|2 Konspekt
|9 25
|
| 072 |
|
7 |
|a 821-93
|x Literatura pro děti a mládež (beletrie)
|2 Konspekt
|9 26
|
| 080 |
|
|
|a 821.111-32
|2 MRF
|
| 080 |
|
|
|a 821-93
|2 MRF
|
| 080 |
|
|
|a (0:82-321.9)
|2 MRF
|
| 080 |
|
|
|a (0.05)793.7
|2 MRF
|
| 100 |
1 |
|
|a Green, Jonathan,
|d 1971-
|7 xx0214302
|4 aut
|
| 240 |
1 |
0 |
|a Ronin 47.
|l Česky
|
| 245 |
1 |
0 |
|a Rónin 47 /
|c napsal Jonathan Green ; ilustroval Neil Googe ; překlad: Jáchym Šubrt
|
| 250 |
|
|
|a Vydání první
|
| 264 |
|
1 |
|a Ostrava :
|b Mytago,
|c 2024
|
| 300 |
|
|
|a 448 stran :
|b ilustrace (převážně barevné) ;
|c 16 cm
|
| 336 |
|
|
|a text
|b txt
|2 rdacontent
|
| 337 |
|
|
|a bez média
|b n
|2 rdamedia
|
| 338 |
|
|
|a svazek
|b nc
|2 rdacarrier
|
| 500 |
|
|
|a Přeloženo z angličtiny
|
| 520 |
2 |
|
|a Interaktivní sci-fi román inspirovaný japonskou legendou o 47 róninech.
|b Píše se rok 2121 a apokalypsa dosáhla svého vrcholu již před nějakou dobou. Mezi troskami starého světa bojují zbytky lidské rasy o přežití proti obřím, supervyvinutým kaidžú. Nejúčinnější zbraní lidstva proti těmto nestvůrám jsou kolosální mechové vytvoření v rámci programu Strážce. Jsi velitel Óiši, pilot mecha třídy Samuraj a velitel jednotky Fénix sídlící na základně Akó ve Filipínském moři. Příšerná zrada odsoudí tvé spolubojovníky k smrti a bude záležet jen na tobě, zda se ti podaří pronásledovat zrádce a vykonat pomstu. Jenže když si Zemi podmanili mohutní kaidžú, jak velkou naději na úspěch můžeš mít? Nakladatelská anotace.
|
| 655 |
|
7 |
|a anglické příběhy
|7 fd131813
|2 czenas
|
| 655 |
|
7 |
|a vědecko-fantastické příběhy
|7 fd133358
|2 czenas
|
| 655 |
|
7 |
|a čtenářské hry
|7 fd133978
|2 czenas
|
| 655 |
|
7 |
|a publikace pro mládež
|7 fd133157
|2 czenas
|
| 655 |
|
9 |
|a English stories
|2 eczenas
|
| 655 |
|
9 |
|a science fiction stories
|2 eczenas
|
| 655 |
|
9 |
|a literary recreations
|2 eczenas
|
| 655 |
|
9 |
|a juvenile literature
|2 eczenas
|
| 700 |
1 |
|
|a Googe, Neil
|7 mzk20181000618
|4 ill
|
| 700 |
1 |
|
|a Šubrt, Jáchym,
|d 1997-
|7 xx0322594
|4 trl
|
| 910 |
2 |
|
|a BOA001
|b 1-1539.036
|
| 920 |
|
|
|a 5011823
|z ABG001
|
| 928 |
9 |
|
|a Jiří Reiter - Mytago
|
| 990 |
|
|
|a BK
|
| 995 |
|
|
|a 01
|
| 991 |
|
|
|b 202501
|c NOV
|
| 996 |
6 |
|
|b 2610991839
|c 1-1539.036
|l MZK
|r Sklad / do 1 hodiny
|n 0
|p p.v.
|w 001990510
|u 000010
|a 1
|e BOA001
|j MZK50
|s P
|